| 000 | 00923nac a22002531i 4500 | ||
|---|---|---|---|
| 003 | EG-ScBUE | ||
| 005 | 20250113092958.0 | ||
| 008 | 250113s1996 enka f b 001 0 eng d | ||
| 020 | _a086078584X | ||
| 040 |
_aEG-ScBUE _beng _erda _cEG-ScBUE _dEG-ScBUE |
||
| 082 | 0 | 4 |
_a522.209 _bCHA _222 |
| 100 | 1 |
_aChapman, Allan, _eauthor. |
|
| 245 | 1 | 0 |
_aAstronomical instruments and their users : _bTycho Brahe to William Lassell / _cAllan Chapman. |
| 264 | 1 |
_aHampshire, Great Britain ; _aBrookfield, Vt., USA : _bVariorum, _c1996. |
|
| 300 |
_a1 volume (various pagings) : _billustrations ; _c23 cm. |
||
| 336 |
_2rdacontent _atext _btxt |
||
| 337 |
_aunmediated _2rdamedia _bn |
||
| 338 |
_avolume _bnc _2rdacarrier |
||
| 490 | 0 | _aCollected studies series | |
| 504 | _aIncludes bibliographical references and index. | ||
| 650 | 7 |
_aAstronomical instruments _xHistory. _2BUEsh |
|
| 655 | _vReading book | ||
| 942 |
_cBB _2ddc |
||
| 999 |
_c9407 _d9407 |
||